000 00476nam a2200169Ia 4500
003 GCL
008 140319s9999 xx 000 0 ara d
040 _aGCL /
_cGCL
082 0 4 _a378.1
_bع ا
100 1 _aعبدالحافظ محمد سلامة
245 1 0 _aادارة مراكز مصادر التعلم /
_cعبدالحافظ محمد سلامة
300 _a164 ص
490 _aكتاب
_v0
650 0 4 _aالادارة
650 0 4 _aالتعلم
942 _2ddc
_cBK
999 _c41680
_d41680